Điện Biên Phủ Đại Tướng Võ Nguyên Giáp
Tổng kết kinh nghiệm chủ yếu về chỉ đạo chiến tranh cách mạng của Đảng ta trong cuộc kháng chiến chống Pháp (1946-1954
محفوظ في:
| المؤلف الرئيسي: | |
|---|---|
| التنسيق: | كتاب |
| اللغة: | Vietnamese |
| منشور في: |
H.
Quân đội nhân dân
1979
|
| الطبعة: | In lần thứ 6, có bổ sung |
| الموضوعات: | |
| الوسوم: |
إضافة وسم
لا توجد وسوم, كن أول من يضع وسما على هذه التسجيلة!
|
| Thư viện lưu trữ: | Mạng thư viện Đại học Đà Nẵng |
|---|
| LEADER | 01283nam a2200337 4500 | ||
|---|---|---|---|
| 001 | 000009799 | ||
| 003 | 5997 | ||
| 005 | 20120529100556.0 | ||
| 008 | 111102s1979 viesd | ||
| 020 | |c 4500đ | ||
| 041 | 0 | |a vie | |
| 082 | |a 959.70621 |b VO-G | ||
| 100 | 0 | |a Võ Nguyên Giáp | |
| 245 | 0 | |a Điện Biên Phủ |b Đại Tướng Võ Nguyên Giáp |c Võ Nguyên Giáp | |
| 250 | |a In lần thứ 6, có bổ sung | ||
| 260 | |a H. |b Quân đội nhân dân |c 1979 | ||
| 300 | |a 392 tr |b ch.dung, ảnh |c 19 cm | ||
| 520 | |a Tổng kết kinh nghiệm chủ yếu về chỉ đạo chiến tranh cách mạng của Đảng ta trong cuộc kháng chiến chống Pháp (1946-1954 | ||
| 653 | |a Điện Biên phủ | ||
| 653 | |a Đại Tướng Võ Nguyên Giáp | ||
| 910 | |a Nguyễn Thị Kim Oanh |d 2/11/2011 | ||
| OWN | |a LSP | ||
| AVA | |a UDN50 |b LSP |d 959.70621 VO-G |e available |t Error 5001 Not defined in file expand_doc_bib_avail. |f 3 |g 0 |h N |i 0 |k 1 | ||
| 999 | |a From the UDN01 | ||
| AVA | |a UDN50 |b LSP |d 959.70621 VO-G |e available |t Error 5001 Not defined in file expand_doc_bib_avail. |f 3 |g 0 |h N |i 0 |k 1 | ||
| TYP | |a Monograph | ||
| TYP | |a Printed language | ||
| 980 | |a Mạng thư viện Đại học Đà Nẵng | ||